Prepositions in Musicals Quiz Stats

 Plays Quiz Updated Aug 17, 2018

Score 0/20 Timer 03:00
2 Plays Today
% Correct
At
94.6%
Of
94.2%
On
93.9%
Upon
92.9%
Into
92.1%
About
92.1%
Out
91%
Like
90.6%
To
90.2%
With
89.3%
% Correct
From
88.7%
Around
87%
Without
86.1%
Before
84.1%
In
82.4%
Over
78.7%
As
77.9%
Along
75%
By
70.6%
For
69.4%

You're not logged in!

Compare scores with friends on all Sporcle quizzes.
OR
Log In

Show Comments

Extras

Top Quizzes Today


Score Distribution

Your Account Isn't Verified!

In order to create a playlist on Sporcle, you need to verify the email address you used during registration. Go to your Sporcle Settings to finish the process.

Report this User

Report this user for behavior that violates our Community Guidelines.

Details: